<?xml version="1.0" encoding="UTF-8"?><?xml-stylesheet type="text/xsl" href="static/style.xsl"?><OAI-PMH xmlns="http://www.openarchives.org/OAI/2.0/" xmlns:xsi="http://www.w3.org/2001/XMLSchema-instance" xsi:schemaLocation="http://www.openarchives.org/OAI/2.0/ http://www.openarchives.org/OAI/2.0/OAI-PMH.xsd"><responseDate>2026-06-01T08:32:21Z</responseDate><request verb="GetRecord" identifier="oai:riuma.uma.es:10630/44783" metadataPrefix="marc">https://riuma.uma.es/rest/oai/request</request><GetRecord><record><header><identifier>oai:riuma.uma.es:10630/44783</identifier><datestamp>2026-01-24T00:46:56Z</datestamp><setSpec>com_10630_2254</setSpec><setSpec>col_10630_37953</setSpec></header><metadata><record xmlns="http://www.loc.gov/MARC21/slim" xmlns:dcterms="http://purl.org/dc/terms/" xmlns:doc="http://www.lyncode.com/xoai" xmlns:xsi="http://www.w3.org/2001/XMLSchema-instance" xsi:schemaLocation="http://www.loc.gov/MARC21/slim http://www.loc.gov/standards/marcxml/schema/MARC21slim.xsd">
   <leader>00925njm 22002777a 4500</leader>
   <datafield ind2=" " ind1=" " tag="042">
      <subfield code="a">dc</subfield>
   </datafield>
   <datafield ind2=" " ind1=" " tag="720">
      <subfield code="a">Cristófol-Rodríguez, María del Carmen</subfield>
      <subfield code="e">author</subfield>
   </datafield>
   <datafield ind2=" " ind1=" " tag="720">
      <subfield code="a">Carrasco-Santos, María Jesús</subfield>
      <subfield code="e">author</subfield>
   </datafield>
   <datafield ind2=" " ind1=" " tag="260">
      <subfield code="c">2023-01-01</subfield>
   </datafield>
   <datafield ind2=" " ind1=" " tag="520">
      <subfield code="a">The visual and interactive content that TikTok allows makes it a perfect ally for fashion brands. This study aims to analyse how Zara uses TikTok as a digital communication tool through three objectives: the evaluation of trends, the influence of Zara's communication strategy on TikTok and the identification of the degree of engagement that the user has with the brand. The results show that Zara makes a great communicative effort, creates strategic content and the degree of engagement generated between the brand and its public is solid.</subfield>
   </datafield>
   <datafield ind1="8" ind2=" " tag="024">
      <subfield code="a">Cristófol-Rodríguez, C., &amp; Carrasco-Santos, M. J. (2023). TIKTOK as a fashion communication tool: The Zara case. VISUAL REVIEW. International Visual Culture Review Revista Internacional De Cultura Visual, 14(2), 1–16. https://doi.org/10.37467/revvisual.v10.4605</subfield>
   </datafield>
   <datafield ind1="8" ind2=" " tag="024">
      <subfield code="a">https://hdl.handle.net/10630/44783</subfield>
   </datafield>
   <datafield ind1="8" ind2=" " tag="024">
      <subfield code="a">10.37467/revvisual.v10.4605</subfield>
   </datafield>
   <datafield tag="653" ind2=" " ind1=" ">
      <subfield code="a">Redes sociales en Internet</subfield>
   </datafield>
   <datafield tag="653" ind2=" " ind1=" ">
      <subfield code="a">Moda - Publicidad</subfield>
   </datafield>
   <datafield ind2="0" ind1="0" tag="245">
      <subfield code="a">Tiktok como herramienta de comunicacion de moda: El caso Zara</subfield>
   </datafield>
</record>
</metadata></record></GetRecord></OAI-PMH>